Countries With Least Access To Food - Statistics

General Stats
  • This quiz has been taken 15 times
  • The average score is 6 of 10
Answer Stats
Rank Country % Correct
3 Chad
92%
1 Central African Republic
85%
5 Zambia
77%
9 Zimbabwe
77%
7 Haiti
62%
4 Madagascar
54%
2 Yemen
54%
10 Afghanistan
38%
6 Liberia
38%
8 East Timor
31%
No matching quizzes found
Score Distribution
Percent of People with Each Score
Percentile by Number Answered
Your Score History
You have not taken this quiz